000 00949nam a2200193Ia 4500
008 0000001985 sp a 0000000000spa00
090 _aPSP00 A76
245 1 0 _aA toda tela
_b: 14 pintores, 4 escultores
300 _a[40] p.
_c/ 32 cm.
500 _aExposición realizada en el Centro Cultural Caixa de Aforros de Vigo, Febrero 16 Marzo 12, 1985
505 _aIgnacio Basallo Tono Carbajo Correa Corredoira Carlos Crego Xose FreiXanes Angel Huete Menchu Lamas Anton Lamazares Francisco Leiro Juan M. De la Colina Eduardo Matamoro Ana Mazoy Manuel R. Moldes Anton Patiño Manuel Paz Mouta Alberte Permuy Manuel Ruibal Silveiro Rivas
650 1 4 _aARTE CONTEMPORANEO ESPAÑOL
650 1 4 _xCATALOGOS
650 1 4 _aESCULTURA ESPAÑOLA
650 1 4 _xEXPOSICIONES
650 1 4 _aPINTORES ESPAÑOLES
650 1 4 _aPINTURA ESPAÑOLA
999 _c8207
_d8207
260 _a<Murcia (España)> : Consejería de Educación y cultura
_c1985